Nenne die starken Männer aus Wickie - Statistiken

Allgemein
  • Dieses Quiz wurde 29 mal gespielt
  • Das Durchschnittsergebnis liegt bei 5 aus 7
Antwortstatistiken
Hinweis Name % Korrekt
Der Häuptling Halvar
93%
Die Streithähne Snorre
89%
Der Starke Faxe
81%
Die Streithähne Tjure
63%
Der Ausguck Gorm
59%
Der Musiker Ulme
59%
Der Alte Urobe
59%
Keine übereinstimmenden Quizze gefunden
Verteilung der Resultate
Anzahl Personen mit jedem Resultat
Perzentil nach korrekt beantworteten Fragen
Ihre Resultats-Entwicklung
Sie haben dieses Quiz noch nicht gespielt